[Event "Maastricht Limburg op-C 6th"]
[Site "Maastricht"]
[Date "2012.05.28"]
[Round "6"]
[White "Geene, Patrick"]
[Black "Van Rossum, Pia"]
[Result "1-0"]
[WhiteElo "1511"]
[BlackElo "1616"]
[PlyCount "87"]
[EventDate "2012.05.25"]
[EventType "swiss"]
[EventRounds "7"]
[EventCountry "NED"]
[SourceTitle "EXT 2013"]
[Source "ChessBase"]
[SourceDate "2012.11.22"]
[SourceVersion "1"]
[SourceVersionDate "2012.11.22"]
[SourceQuality "1"]

1. e4 e5 2. Nf3 Nc6 3. Bc4 Bc5 4. d3 a6 5. Nc3 Nf6 6. Bg5 d6 7. Nd5 Be6 8. Bb3 h6 9. Nxf6+ gxf6 10. Be3 Bxe3 11. fxe3 Bxb3 12. axb3 Qd7 13. Nh4 0-0-0 14. Rf1 Qe7 15. Kd2 Rdg8 16. g3 h5 17. Qf3 Qd7 18. Qxf6 Kb8 19. Qxf7 Qh3 20. Qf2 Rf8 21. Qg2 Qg4 22. Rxf8+ Rxf8 23. Rf1 Rxf1 24. Qxf1 b6 25. Qf5 Kb7 26. Qxg4 hxg4 27. Nf5 Nd8 28. Nh6 Ne6 29. Nxg4 Ng5 30. Ke2 Kc6 31. Nf6 Kb7 32. h4 Nf7 33. g4 Kc8 34. g5 Kd8 35. g6 Nh6 36. g7 Ke7 37. g8Q Nxg8 38. Nxg8+ Kf7 39. Nh6+ Kg7 40. Nf5+ Kh7 41. Kf3 c6 42. Kg3 d5 43. exd5 cxd5 44. Ne7 1-0

[Event "Maastricht Limburg op-C 6th"]
[Site "Maastricht"]
[Date "2012.05.28"]
[Round "7"]
[White "Halfhide, Sebastian"]
[Black "Geene, Patrick"]
[Result "1/2-1/2"]
[WhiteElo "1119"]
[BlackElo "1511"]
[PlyCount "34"]
[EventDate "2012.05.25"]
[EventType "swiss"]
[EventRounds "7"]
[EventCountry "NED"]
[SourceTitle "EXT 2013"]
[Source "ChessBase"]
[SourceDate "2012.11.22"]
[SourceVersion "1"]
[SourceVersionDate "2012.11.22"]
[SourceQuality "1"]

1. e4 e5 2. Nf3 Nc6 3. Bc4 Bc5 4. 0-0 Nf6 5. d3 d6 6. h3 h6 7. c3 Be6 8. Bb5 Bd7 9. a4 a6 10. Bc4 Be6 11. Bb3 0-0 12. Be3 Ba7 13. Nbd2 Nd7 14. d4 Bxb3 15. Qxb3 Bb6 16. Rad1 Qe7 17. Rfe1 Rfe8 1/2-1/2

[Event "Maastricht Limburg op-C 6th"]
[Site "Maastricht"]
[Date "2012.05.27"]
[Round "4"]
[White "Geene, Patrick"]
[Black "De Boer, Guus"]
[Result "0-1"]
[WhiteElo "1511"]
[BlackElo "1647"]
[PlyCount "100"]
[EventDate "2012.05.25"]
[EventType "swiss"]
[EventRounds "7"]
[EventCountry "NED"]
[SourceTitle "EXT 2013"]
[Source "ChessBase"]
[SourceDate "2012.11.22"]
[SourceVersion "1"]
[SourceVersionDate "2012.11.22"]
[SourceQuality "1"]

1. e4 e6 2. Nc3 d5 3. exd5 exd5 4. d4 Nf6 5. Bf4 c6 6. a3 Be7 7. Nf3 Bg4 8. Be2 0-0 9. h3 Bh5 10. 0-0 Nbd7 11. Ne5 Bxe2 12. Qxe2 Re8 13. Rfe1 Bd6 14. Qf3 Qc7 15. Nxd7 Nxd7 16. Bxd6 Qxd6 17. Re2 Re7 18. Rae1 Rae8 19. Nd1 Nf6 20. Ne3 Qd7 21. Ng4 Ne4 22. Ne3 Re6 23. Qg4 Qd8 24. Nf5 Rg6 25. Qf4 Rge6 26. f3 Ng5 27. Rxe6 Nxe6 28. Qg4 Qf6 29. Re5 g6 30. Nd6 Re7 31. c3 Kh8 32. h4 h5 33. Qg3 Rd7 34. Nc8 Rd8 35. Nxa7 Ra8 36. Nxc6 bxc6 37. Re2 Qf4 38. Qf2 Rb8 39. g3 Qc1+ 40. Kg2 Kg7 41. Rc2 Qb1 42. Qe2 Kf8 43. Rd2 Qf5 44. a4 g5 45. hxg5 Qxg5 46. Kh2 h4 47. g4 Qf4+ 48. Kg1 Ng5 49. Rd3 Re8 50. Qf2 Nh3+ 0-1

[Event "Maastricht Limburg op-C 6th"]
[Site "Maastricht"]
[Date "2012.05.26"]
[Round "2"]
[White "Geene, Patrick"]
[Black "Dijkhuis, Oele"]
[Result "1/2-1/2"]
[WhiteElo "1511"]
[BlackElo "988"]
[PlyCount "74"]
[EventDate "2012.05.25"]
[EventType "swiss"]
[EventRounds "7"]
[EventCountry "NED"]
[SourceTitle "EXT 2013"]
[Source "ChessBase"]
[SourceDate "2012.11.22"]
[SourceVersion "1"]
[SourceVersionDate "2012.11.22"]
[SourceQuality "1"]

1. e4 e5 2. Nf3 Nc6 3. Bc4 Nf6 4. d3 d6 5. Nc3 Bg4 6. Bxf7+ Kxf7 7. h3 Bxf3 8. Qxf3 Nd4 9. Qd1 Be7 10. Be3 Rf8 11. Nb1 Qd7 12. c3 Ne6 13. Nd2 Kg8 14. Nf3 Qb5 15. Qd2 Nc5 16. Rd1 a5 17. Ng5 a4 18. Bxc5 Qxc5 19. Ne6 Qb6 20. Nxf8 Rxf8 21. 0-0 d5 22. Qc2 dxe4 23. dxe4 Nh5 24. Kh2 Qg6 25. Qxa4 Nf4 26. g3 Ne6 27. Qc4 Bc5 28. f3 Kh8 29. Qd5 Bd6 30. Qxb7 Ng5 31. Kg2 Qe6 32. g4 Qc4 33. Rd2 Nxh3 34. Rfd1 Nf4+ 35. Kg3 Ne2+ 36. Kg2 Nf4+ 37. Kg3 Ne2+ 1/2-1/2

[Event "Maastricht Limburg op-C 6th"]
[Site "Maastricht"]
[Date "2012.05.26"]
[Round "3"]
[White "Stiefel, Marika"]
[Black "Geene, Patrick"]
[Result "1/2-1/2"]
[WhiteElo "1645"]
[BlackElo "1511"]
[PlyCount "57"]
[EventDate "2012.05.25"]
[EventType "swiss"]
[EventRounds "7"]
[EventCountry "NED"]
[SourceTitle "EXT 2013"]
[Source "ChessBase"]
[SourceDate "2012.11.22"]
[SourceVersion "1"]
[SourceVersionDate "2012.11.22"]
[SourceQuality "1"]

1. d4 d5 2. Bf4 Nc6 3. e3 Bf5 4. Nf3 Nf6 5. c4 e6 6. Be2 Bd6 7. Ne5 Bxe5 8. dxe5 Ne4 9. 0-0 f6 10. cxd5 Qxd5 11. Qxd5 exd5 12. exf6 0-0-0 13. fxg7 Rhg8 14. Bh6 Rd6 15. Bf4 Re6 16. Rd1 Ne7 17. f3 Nf6 18. Nc3 Rxg7 19. Nb5 Bh3 20. Bg3 Rxe3 21. Kf2 Rxe2+ 22. Kxe2 Bxg2 23. Nxc7 Nf5 24. Rac1 Nxg3+ 25. Kf2 Nfe4+ 26. fxe4 Nxe4+ 27. Ke3 Rxc7 28. Rxc7+ Kxc7 29. Rxd5 1/2-1/2